000 00651nam a2200193 a 4500
008 120416s1990 ||||||||||||||||| || u
020 _a155542211X
050 _aHD 57.7 Kou
100 _aKouzes, James M
245 1 4 _aThe leadership challenge
246 _ahow to get extra ordinary things done in organisations
260 _aFrancisco
_bJossey-Bass
_c1990
300 _axxx, 382p.
350 _a0.00
650 0 _aLEADERSHIP
650 0 _aMANAGEMENT
650 _aEXECUTIVE ABILITY
995 _D0.00
_FCBU-MAIN LIBRARY (Kitwe)
_H1
_I14.95
_M1
_UAVAILABLE
_ZMain Library Open Access Collection
999 _c48982
_d48982